Shape of you - Ed Sheeran - ALL LYRICS - Statistics

General Stats
  • This quiz has been taken 906 times
  • The average score is 386 of 495
Answer Stats
Lyrics % Correct
i
99%
I
99%
a
98%
love
98%
The
98%
the
98%
you
98%
in
97%
and
95%
be
94%
my
94%
shape
94%
with
94%
me
93%
of
93%
to
93%
i'm
92%
I'm
92%
im'
92%
im
92%
so
92%
where
92%
your
92%
is
91%
like
91%
we
91%
We
91%
do
88%
go
88%
body
87%
on
85%
bar
83%
best
82%
come
82%
now
82%
place
82%
friends
81%
club
79%
talk
79%
find
78%
isn't
78%
Oh
76%
oh
76%
then
76%
girl
75%
pull
75%
push
75%
want
75%
for
74%
hand
74%
know
74%
magnet
73%
were
73%
we're
73%
doing
72%
slow
72%
too
72%
lover
71%
follow
70%
room
70%
at
69%
lead
69%
night
69%
shots
69%
somebody
69%
smell
68%
table
68%
dance
66%
last
66%
heart
65%
new
65%
start
65%
it
63%
put
63%
was
63%
brand
61%
bedsheets
60%
dont
60%
give
59%
let
59%
much
59%
something
59%
that
59%
every
58%
boy
57%
not
57%
singing
57%
up
57%
crazy
55%
trust
55%
fast
54%
I'll
54%
just
54%
say
54%
drinking
53%
falling
53%
lets
53%
over
53%
chance
52%
day
52%
handmade
52%
mind
52%
conversation
51%
jukebox
51%
may
51%
grab
49%
waist
49%
discovering
45%
first
43%
our
43%
date
42%
out
42%
hours
41%
man
40%
back
38%
going
37%
take
37%
family
36%
taxi
36%
all
35%
play
35%
seat
35%
sweet
35%
how
34%
okay
34%
sour
34%
stop
34%
begin
33%
kiss
33%
radio
33%
story
33%
although
32%
about
31%
are
31%
can
30%
get
30%
driver
29%
make
29%
plate
28%
fill
27%
tell
25%
eat
23%
bag
22%
one
21%
thrifty
19%
week
18%
van
15%
leave
8%
walk
6%
yuor
1%
No matching quizzes found
Score Distribution
Percent of People with Each Score
Percentile by Number Answered
Your Score History
You have not taken this quiz